Alcamo's Fundamentals of Microbiology (Record no. 16457)
[ view plain ]
| 000 -LEADER | |
|---|---|
| fixed length control field | 00558nam a22002177a 4500 |
| 003 - CONTROL NUMBER IDENTIFIER | |
| control field | OSt |
| 005 - DATE AND TIME OF LATEST TRANSACTION | |
| control field | 20170105103441.0 |
| 008 - FIXED-LENGTH DATA ELEMENTS--GENERAL INFORMATION | |
| fixed length control field | 120423t xxu||||| |||| 00| 0 eng d |
| 020 ## - INTERNATIONAL STANDARD BOOK NUMBER | |
| International Standard Book Number | 9780763737627 |
| 040 ## - CATALOGING SOURCE | |
| Transcribing agency | ASAB |
| 050 ## - LIBRARY OF CONGRESS CALL NUMBER | |
| Classification number | 579.1, POM |
| 082 ## - DEWEY DECIMAL CLASSIFICATION NUMBER | |
| Edition number | 8 th Ed |
| 100 ## - MAIN ENTRY--PERSONAL NAME | |
| Personal name | Jeffrey C Pommerville |
| 9 (RLIN) | 98 |
| 245 ## - TITLE STATEMENT | |
| Title | Alcamo's Fundamentals of Microbiology |
| Statement of responsibility, etc. | |
| 260 ## - PUBLICATION, DISTRIBUTION, ETC. | |
| Place of publication, distribution, etc. | London |
| Name of publisher, distributor, etc. | Jones and Bartlett Pub |
| 300 ## - PHYSICAL DESCRIPTION | |
| Extent | 836 |
| 440 ## - SERIES STATEMENT/ADDED ENTRY--TITLE | |
| Title | ALcamo's Fundamentals of Microbiology |
| 9 (RLIN) | 99 |
| 650 ## - SUBJECT ADDED ENTRY--TOPICAL TERM | |
| Topical term or geographic name entry element | Microbiology |
| 9 (RLIN) | 100 |
| 700 ## - ADDED ENTRY--PERSONAL NAME | |
| Personal name | |
| 9 (RLIN) | 101 |
| 942 ## - ADDED ENTRY ELEMENTS (KOHA) | |
| Source of classification or shelving scheme | |
| Koha item type | Book |
| Withdrawn status | Lost status | Source of classification or shelving scheme | Damaged status | Not for loan | Permanent Location | Current Location | Date acquired | Total Checkouts | Barcode | Date last seen | Date last checked out | Price effective from | Koha item type | Collection code | Full call number | Copy number | Total Renewals |
|---|---|---|---|---|---|---|---|---|---|---|---|---|---|---|---|---|---|
| Atta-ur-Rahman School of Applied Biosciences (ASAB) | Atta-ur-Rahman School of Applied Biosciences (ASAB) | 10/28/2014 | 2 | ASAB466 | 08/31/2016 | 06/02/2016 | 10/28/2014 | Book | |||||||||
| Atta-ur-Rahman School of Applied Biosciences (ASAB) | Atta-ur-Rahman School of Applied Biosciences (ASAB) | 04/23/2012 | ASAB985 | 04/23/2012 | 04/23/2012 | Book | 579.1,POM (C) | photocopy | |||||||||
| Atta-ur-Rahman School of Applied Biosciences (ASAB) | Atta-ur-Rahman School of Applied Biosciences (ASAB) | 04/23/2012 | ASAB987 | 04/23/2012 | 04/23/2012 | Book | 579.1,POM (C) | photocopy | |||||||||
| Atta-ur-Rahman School of Applied Biosciences (ASAB) | Atta-ur-Rahman School of Applied Biosciences (ASAB) | 04/23/2012 | 3 | ASAB986 | 03/22/2017 | 10/12/2015 | 04/23/2012 | Book | 579.1,POM (C) | photocopy | 1 | ||||||
| Atta-ur-Rahman School of Applied Biosciences (ASAB) | Atta-ur-Rahman School of Applied Biosciences (ASAB) | 04/23/2012 | 2 | ASAB989 | 03/16/2016 | 10/12/2015 | 04/23/2012 | Book | 579.1,POM (C) | photocopy | |||||||
| Atta-ur-Rahman School of Applied Biosciences (ASAB) | Atta-ur-Rahman School of Applied Biosciences (ASAB) | 04/23/2012 | 1 | ASAB988 | 12/28/2015 | 10/12/2015 | 04/23/2012 | Book | 579.1,POM (C) | photocopy | |||||||
| Atta-ur-Rahman School of Applied Biosciences (ASAB) | Atta-ur-Rahman School of Applied Biosciences (ASAB) | 04/23/2012 | ASAB718 | 04/23/2012 | 04/23/2012 | Book | 579.1,POM |
